04518nam a2200373 a 4500001000800000003000500008005001700013007000300030008004100033010001100074040002300085041001300108100003800121245017500159264004200334300005000376336002700426337002800453338002800481502010200509504003200611520314900643650004503792650003003837650002703867650003003894650003703924650002403961650002403985650002304009700004104032700003604073700003504109dia_866CHAP20251110183919.0ta220117s1988 mx bdo frm 001 0 spa d a171415 cCHAPamxchpuaerda0 aspabspa1 aChablé Interian, José Gabriel10aCaracterización de productos hortofrutícolas de humedad intermedia en la región centro norte de México /cJosé Gabriel Chable Interian y Minerva López Mendoza aChapingo, México :bEl autor,c1988 a139 hojas :bmapas, gráficas, tablas, fotos 2rdacontentatextobtxt 2rdamediaano mediadobn 2rdacarrieravolumenbnc aTesis b(Ingeniero Agroindustrial) -- cUACh. Departamento de Ingeniería Agroindustrial, d1988 aBibliografía: hojas 79-833 aLa conservación de alimentos ha sido siempre una necesidad del hombre de todas las épocas. En la actualidad, se han desarrollado diversos métodos de conservación de alimentos en un esfuerzo para obtener productos más agradables y menos perecederos. Recientemente se ha observado un renovado interés por la conservación de alimentos basados en Ia reducción de la actividad de agua (Aw). En diversas regiones de México se elaboran productos en forma artesanal, los cuales se obtienen por adición de Sal o azúcar y una posterior concentración o deshidratación. Debido a ello suelen conservarse por algunos meses sin sufrir aIteraciones. En este trabajo se caracterizaron diez productos hortofruticolas de humedad intermedia de la región Centro Norte de México. Para ocho productos se realizaron tres muestreos correspondientes a las épocas de mayor producción, uno cada cuatro meses, los productos fueron: Queso de tuna. Melcocha, Tuna rellena, "Concha" de camote, Ate de membrillo, Calabaza confitada y Camote confitado, generándose para su análisis un factorial 8 X 3. Por otro lado se analizaron dos productos más, Xoconoxtle y Limón confitados, estos productos se muestrearon sólo dos veces, debido a que solo se producen dos veces durante el año, de este modo se generó para su análisis un factorial 2x2. Las variables de respuesta fueron: Aw, humedad, extracto etéreo, fibra cruda, cenizas, proteínas, carbohidratos. azucares reductores totales, azúcares reductores directos, sacarosa, acidez, pH y ácido ascórbico. A todos Ios productos se Ies realizó un análisis microbiológico para hongos y levaduras, y un análisis organoléptico, evaluando los atributos de presentación, sabor y aceptación. Los primeros ocho productos resultaron significativamente diferentes en todas las variables de respuesta. Respecto a la época de elaboración se encontraron diferencias significativas en todas las variables de respuesta a excepción del contenido de extracto etéreo, fibra cruda, cenizas, sacarosa y acidez. En el caso del Xoconoxtle y Limón confitados resultaron diferentes en todas las determinaciones que se Ies efectuaron a excepción del extracto etéreo, reductores totales y sacarosa. Respecto a la época de elaboración los productos resultaron significativamente diferentes de una poca a otra en todas las variables de respuesta e excepción del contenido de humedad, fibra cruda, cenizas y proteínas. En el análisis microbiológico no hubo presencia ni hongos ni de levaduras en ningún producto. En el análisis organoléptico los productos que más gustaron respecto a su presentación fueron el XoconoxtIe confitado, la calabaza confitada y el Ate de membrillo, quienes no presentaron diferencias significativas entre sí. Respecto a los atributos sabor y aceptación de los productos que más gustaron fueron ate de membrillo y camote confitado, quienes resultaron iguales entre sí. En el estudio de campo se pudo constatar que todos los productos se elaboraban en forma artesanal, con controles empíricos durante el proceso. 13aFrutasxPreservación de alimentos2atg13aProductos frutales 2atg13aCompotas de fruta2atg13aFruta deshidratada 2atg13aFruitsxFood preservation 2atg13aFruit products2atg13aFruit compotes2atg13aDried fruit 2atg1 aHernández Montes, Arturoedirector1 aGómez Cruz, Adalbertoeasesor1 aSantos Moreno, Armandoeasesor